LEADER 01039nam0 2200277 450 001 000019130 005 20081111085440.0 100 $a20081111d1959----km-y0itay50------ba 101 0 $aita 102 $aIT 105 $aa-------001yy 200 1 $a<>industria turistica e alberghiera in Italia$fTommaso Gagliardi$gpresentazione del prof. Angelo Mariotti 210 $aVicenza$cArti grafiche delle Venezie$d1959 215 $aX, 328 p.$cill.$d25 cm 500 10$a<>industria turistica e alberghiera in Italia$932356 610 1 $aTurismo$aIndustria$aItalia 610 1 $aIndustria alberghiera 676 $a910.4$v16$9Viaggi, esplorazioni, turismo 676 $a338.479145$v19$9Industrie secondarie e servizi. Beni e servizi. Viaggi e turismo. Italia 700 1$aGagliardi,$bTommaso$0632323 702 1$aMariotti,$bAngelo$4070 801 0$aIT$bUNIPARTHENOPE$c20081111$gRICA$2UNIMARC 912 $a000019130 951 $a934/2$b1176$cNAVA2 996 $aIndustria turistica e alberghiera in Italia$932356 997 $aUNIPARTHENOPE LEADER 01233nam0 2200313 i 450 001 CFI0218456 005 20231121125448.0 010 $a8824309909 020 $aIT$b93-3052 100 $a20150121d1992 ||||0itac50 ba 101 | $aita 102 $ait 181 1$6z01$ai $bxxxe 182 1$6z01$an 200 1 $aDisciplina giuridica dei rifiuti e prevenzione delle alterazioni ambientali$fAlessandro Jazzetti ... \et al.!$ga cura di Guglielmo Trupiano 210 $aNapoli$cJovene$d1992 215 $a284 p.$d24 cm 300 $aSegue: Appendice normativa. 606 $aDiritto Amministrativo E Finanziario$2FIR$3RMLC380158$9I 702 1$aJazzetti$b, Alessandro$3CFIV120781 702 1$aTrupiano$b, Guglielmo$3CFIV120782 801 3$aIT$bIT-01$c20150121 850 $aIT-FR0098 899 $aBiblioteca Area Giuridico Economica$bFR0098 912 $aCFI0218456 950 0$aBiblioteca Area Giuridico Economica$d 53DSG 02/0459$e 53VM 0000208205 VM barcode:GIU000800. - Inventario:1185VM$fA $h20010423$i20121204 977 $a 53 996 $aDisciplina giuridica dei rifiuti e prevenzione delle alterazioni ambientali$9884978 997 $aUNICAS